000 00443nam a22001577a 4500
003 SISC
005 20160302095944.0
008 140224t xxu||||| |||| 00| 0 eng d
050 _aQA 16
_b.Ar78 1993
100 _aArtzt, Alice
_930570
245 _aHow to use cooperative learning in the mathematics class /
_cAlice Artzt.
260 _aVirginia :
_bNCTM Inc.
_c1990.
300 _a73 p. :
_bill. ;
_c23 cm.
942 _2lcc
_cBK
999 _c42328
_d42328